Statistiques concernant Devinez le Pays Mystère #143

Cliquez ici pour prendre le quiz!

Statistiques générales

  • Ce quiz a été pris 217 fois
  • Le résultat moyen est 9 sur 11

Statistiques - réponses

Type de RéponseRéponse% Correct
Lettre TrouvéeA
95%
Lettre TrouvéeI
91%
Lettre Bien PlacéeA
90%
Lettre TrouvéeH
81%
Lettre TrouvéeT
81%
Lettre Bien PlacéeÏ
77%
Lettre Bien PlacéeI
77%
Lettre TrouvéeÏ
77%
Lettre Bien PlacéeT
76%
Lettre Bien PlacéeH
72%
Pays MystèreHaïti
72%

Distribution des résultats

Percentile par nombre de réponses

% des personnes avec chaque résultat

Votre développement - résultats

Vous n’avez pas pris ce quiz